000 00655nam a2200229Ia 4500
008 160621s9999 xx 000 0 und d
020 _a0-619-03417-3
050 _aComSc T 58.64
050 _b.F74 2004
100 _aFrenzel, Carroll W.
245 _aManagement of information technology /
245 _cCarroll W. Frenzel, John C. Frenzel.
250 _a4th Edition
260 _aAustralia :
260 _bThomson Course Tech.,
260 _c2004
300 _a600 pages :
300 _billustrations ;
300 _c24 cm.
500 _aInclude bibliographical references and index.
650 _aInformation technology -- Management.
999 _c296139
_d296139